Hacia una nueva sociedad civil global. "Ni principe ni mercader: ciudadano" (Registro nro. 82322)

Detalles MARC
001 - NÚMERO DE CONTROL
campo de control 201342
005 - FECHA Y HORA DE LA ÚLTIMA TRANSACCIÓN
campo de control 20240403090726.0
008 - DATOS DE LONGITUD FIJA--INFORMACIÓN GENERAL
campo de control de longitud fija 980609e19960901 spa
035 ## - NÚMERO DE CONTROL DEL SISTEMA
Número de control de sistema 201342
035 ## - NÚMERO DE CONTROL DEL SISTEMA
Número de control de sistema (OCoLC)819762998
040 ## - FUENTE DE LA CATALOGACIÓN
Centro/agencia transcriptor comduadb
041 ## - CÓDIGO DE LENGUA
Código de lengua del texto/banda sonora o título independiente spa
100 10 - ENTRADA PRINCIPAL--NOMBRE DE PERSONA
Nombre de persona Darcy de Oliveira, Miguel
Código de función aut
Término indicativo de función/relación Autor/a
9 (RLIN) 288469
245 10 - MENCIÓN DE TÍTULO
Título Hacia una nueva sociedad civil global. "Ni principe ni mercader: ciudadano"
650 #7 - PUNTO DE ACCESO ADICIONAL DE MATERIA--TÉRMINO DE MATERIA
Término de materia o nombre geográfico como elemento de entrada Participación ciudadana
Subdivisión geográfica Medellín (Colombia)
Fuente del encabezamiento o término lemb
9 (RLIN) 207315
650 #7 - PUNTO DE ACCESO ADICIONAL DE MATERIA--TÉRMINO DE MATERIA
Término de materia o nombre geográfico como elemento de entrada Sociedad civil
Fuente del encabezamiento o término lemb
9 (RLIN) 10298
650 #7 - PUNTO DE ACCESO ADICIONAL DE MATERIA--TÉRMINO DE MATERIA
Término de materia o nombre geográfico como elemento de entrada Globalización
Subdivisión general Aspectos económicos
Fuente del encabezamiento o término embne
9 (RLIN) 150273
700 10 - ENTRADA AGREGADA--NOMBRE PERSONAL
Nombre de persona Tandom, Rajesh
Código de función aut
Término indicativo de función/relación Autor/a
9 (RLIN) 288470
773 0# - ENLACE AL DOCUMENTO FUENTE/ENTRADA DE REGISTRO ANFITRIÓN
Título Perfiles Liberales (México)
Parte(s) relacionada(s) Vol. 10, No. 49, Sep-Oct. 1996, p. 64-67
Número de control del registro 171486
Número Internacional Estándar del Libro 0121389X
Número bibliográfico anfitrión 179434
942 ## - ELEMENTOS DE ENTRADA AGREGADA (KOHA)
Tipo de ítem Koha Artículo de Revista

No hay ítems disponibles.